[Event "GER-ch Net blitz qual4"]
[Site "Playchess.com INT"]
[Date "2020.03.23"]
[Round "7"]
[White "Murina, Reinhard"]
[Black "Monninger, Moritz Franz"]
[Result "0-1"]
[WhiteElo "1992"]
[BlackElo "2022"]
[PlyCount "86"]
[EventDate "2020.03.23"]
[EventType "swiss (blitz)"]
[EventRounds "9"]
[EventCountry "GER"]
[SourceTitle "CBM 195 Extra"]
[Source "ChessBase"]
[SourceDate "2020.05.31"]
[SourceVersion "1"]
[SourceVersionDate "2020.05.31"]
[SourceQuality "1"]

1. e4 e6 2. d4 d5 3. Nc3 Nc6 4. Nf3 Nf6 5. e5 Ne4 6. Bd2 Nxd2 7. Qxd2 f6 8. Be2 fxe5 9. Nxe5 Nxe5 10. dxe5 Bc5 11. 0-0-0 0-0 12. f3 Bd7 13. Kb1 a6 14. Ne4 Be7 15. Ng3 Bb5 16. f4 c5 17. Qe1 Rxf4 18. c4 Bxc4 19. Bxc4 Rxc4 20. Rf1 Bh4 21. Rf3 Qe7 22. Qf1 Bxg3 23. Rxg3 Rf8 24. Qe2 Rcf4 25. a3 Qf7 26. Qd2 Rf2 27. Qg5 Qf5+ 28. Ka2 Qxg5 29. Rxg5 R8f5 30. Rg4 Rxe5 31. Kb3 b5 32. Rc1 Re3+ 33. Ka2 c4 34. Ka1 Ree2 35. Rb1 c3 36. Rb4 Rxb2 37. R1xb2 Rxb2 38. Rg4 e5 39. h4 d4 40. a4 d3 41. axb5 d2 42. Rxg7+ Kxg7 43. h5 d1Q# 0-1

[Event "GER-ch Net blitz qual1"]
[Site "Playchess.com INT"]
[Date "2020.03.07"]
[Round "5"]
[White "Fabregas, Oliver"]
[Black "Murina, Reinhard"]
[Result "0-1"]
[WhiteElo "1935"]
[BlackElo "2050"]
[PlyCount "144"]
[EventDate "2020.03.07"]
[EventType "swiss (blitz)"]
[EventRounds "9"]
[EventCountry "GER"]
[SourceTitle "CBM 195 Extra"]
[Source "ChessBase"]
[SourceDate "2020.05.31"]
[SourceVersion "1"]
[SourceVersionDate "2020.05.31"]
[SourceQuality "1"]

1. Nf3 Nf6 2. g3 g6 3. Bg2 d5 4. d3 Bg7 5. 0-0 0-0 6. Nbd2 Nc6 7. c3 e5 8. e4 dxe4 9. dxe4 Be6 10. Qc2 Qe7 11. Ng5 Bd7 12. Rd1 h6 13. Ngf3 Be6 14. Nf1 Rfd8 15. Be3 Rxd1 16. Rxd1 Rd8 17. b3 Kh7 18. Ne1 Rxd1 19. Qxd1 Qd7 20. Qxd7 Nxd7 21. Nc2 Bf8 22. f4 Bc5 23. Kf2 f6 24. h4 Be7 25. Nd2 exf4 26. gxf4 f5 27. e5 Bxh4+ 28. Ke2 Ndb8 29. b4 a6 30. a4 Be7 31. b5 axb5 32. axb5 Nd8 33. Nd4 Bc8 34. c4 Nd7 35. N2b3 Nf8 36. Na5 Bb4 37. Nab3 Nfe6 38. Kd3 Be7 39. Bh3 Nxd4 40. Nxd4 Ne6 41. Bg2 Nxd4 42. Bxd4 g5 43. Ke3 h5 44. fxg5 Bxg5+ 45. Kf2 Kg6 46. c5 Be7 47. Kg3 h4+ 48. Kf4 Bg5+ 49. Kf3 Be6 50. Kf2 Bc8 51. Kf3 f4 52. b6 cxb6 53. cxb6 h3 54. Bh1 Kf5 55. Kf2 Ke6 56. Be4 Ke7 57. Kg1 Ke8 58. Kh2 Be7 59. Kg1 Bb4 60. Kh2 Bd2 61. Kg1 Be3+ 62. Bxe3 fxe3 63. Kf1 Ke7 64. Ke2 Ke6 65. Kxe3 Kxe5 66. Bh1 Kd6 67. Kd4 Bg4 68. Kc4 Be2+ 69. Kd4 Bf1 70. Bxb7 Bg2 71. Bc8 h2 72. b7 Kc7 0-1

[Event "GER-ch Net blitz qual1"]
[Site "Playchess.com INT"]
[Date "2020.03.07"]
[Round "2"]
[White "Murina, Reinhard"]
[Black "Thiele, Bjoern"]
[Result "1-0"]
[WhiteElo "2050"]
[BlackElo "1538"]
[PlyCount "81"]
[EventDate "2020.03.07"]
[EventType "swiss (blitz)"]
[EventRounds "9"]
[EventCountry "GER"]
[SourceTitle "CBM 195 Extra"]
[Source "ChessBase"]
[SourceDate "2020.05.31"]
[SourceVersion "1"]
[SourceVersionDate "2020.05.31"]
[SourceQuality "1"]

1. e4 e6 2. d4 d5 3. Nc3 Nf6 4. e5 Nfd7 5. Nf3 c5 6. Bg5 Be7 7. Bxe7 Qxe7 8. Nb5 cxd4 9. Nc7+ Kd8 10. Nxa8 Qb4+ 11. Nd2 Qxb2 12. Bd3 Nc5 13. 0-0 Bd7 14. Nb3 Qa3 15. Qg4 g6 16. Qxd4 Nxb3 17. axb3 Qe7 18. Qxa7 Nc6 19. Qxb7 Ke8 20. Nc7+ Kf8 21. Ra8+ Kg7 22. Rxh8 Kxh8 23. Nb5 Nb4 24. Nd4 Nxd3 25. cxd3 Qd8 26. Qb4 Kg7 27. Nf3 f6 28. exf6+ Qxf6 29. Qd4 Qxd4 30. Nxd4 e5 31. Nf3 Kf6 32. Re1 Bb5 33. Nxe5 d4 34. Nc4 g5 35. g3 h5 36. f4 gxf4 37. gxf4 Bc6 38. Kf2 Kf5 39. Re5+ Kxf4 40. Rxh5 Bf3 41. Rh4+ 1-0

[Event "Muensterland Regionalliga 1920"]
[Site "Germany"]
[Date "2019.11.09"]
[Round "3.7"]
[White "Tecklenborg, Georg"]
[Black "Murina, Reinhard"]
[Result "1/2-1/2"]
[WhiteElo "1702"]
[BlackElo "1920"]
[PlyCount "159"]
[EventDate "2019.09.07"]
[EventType "team-tourn"]
[EventRounds "7"]
[EventCountry "GER"]
[SourceTitle "EXT 2023"]
[Source "ChessBase"]
[SourceDate "2022.10.05"]
[SourceVersion "1"]
[SourceVersionDate "2022.10.05"]
[SourceQuality "1"]
[WhiteTeam "Duelmen"]
[BlackTeam "Bocholt"]
[WhiteTeamCountry "GER"]
[BlackTeamCountry "GER"]

1. e4 c5 2. Nf3 Nc6 3. Bc4 e6 4. 0-0 a6 5. a4 d5 6. exd5 exd5 7. Re1+ Be6 8. Bf1 Bd6 9. d4 Nge7 10. Ng5 Nxd4 11. c3 h6 12. Nxf7 Bxf7 13. cxd4 0-0 14. Qg4 Qc8 15. Qxc8 Raxc8 16. Be3 cxd4 17. Bxd4 Nc6 18. Bc3 d4 19. Bd2 Nb4 20. Bxb4 Bxb4 21. Rd1 Bb3 22. Rd3 Bc4 23. Rd1 Bxf1 24. Kxf1 Rc2 25. f3 Re8 26. Na3 Bxa3 27. bxa3 Ree2 28. Rxd4 Rxg2 29. Rh4 Rgf2+ 30. Kg1 Rxf3 31. Rb4 Rff2 32. h4 Rg2+ 33. Kh1 Rh2+ 34. Kg1 Rcg2+ 35. Kf1 Rb2 36. Rxb2 Rxb2 37. Kg1 Kf7 38. Rc1 g5 39. Rc4 Kg6 40. hxg5 hxg5 41. Rc3 g4 42. Rd3 Kg5 43. Rc3 Kh4 44. Rd3 Kg5 45. Rg3 Kf4 46. Rc3 g3 47. Rc7 Ke5 48. Rc3 g2 49. Rc7 Kd6 50. Rc3 Rd2 51. Rc8 Kd7 52. Rc3 Rd4 53. Kxg2 Rxa4 54. Kf3 Rd4 55. Ke3 Rd6 56. Ke4 Rc6 57. Rb3 Kc7 58. Kd4 b5 59. Kd3 Rh6 60. Kc2 Rh4 61. Rg3 Kb6 62. Kb3 Ka5 63. Rf3 Re4 64. Rg3 Re6 65. Rf3 Rd6 66. Rg3 Kb6 67. Rf3 a5 68. Rg3 Kc6 69. Rh3 Rd5 70. Rg3 Re5 71. Rf3 Kc5 72. Rc3+ Kd4 73. Rc8 Re3+ 74. Kb2 Re5 75. Rc7 a4 76. Rc8 Re2+ 77. Kb1 Kd3 78. Rc5 Re1+ 79. Kb2 Re2+ 80. Kb1 1/2-1/2